00266 a2200109 450000100060000008200160000610000130002224500550003526000250009030000150011550000260013086296 a624.171 BAZ aBazilves aComputational fluid structure interactionhEnglish aUKbJohn Wileyc2013 axvii, 384p aMS textbook Aerospace